| 000 | 01111nam a2200277Ia 4500 | ||
|---|---|---|---|
| 003 | OSt | ||
| 005 | 20220923220500.0 | ||
| 006 | a|||||r|||| 00| 0 | ||
| 007 | ta | ||
| 008 | 220922b |||||||| |||| 00| 0 hin d | ||
| 024 | _a186,898 | ||
| 037 | _cTextual | ||
| 040 |
_aARTS _cARTS _bhin |
||
| 041 |
_2hin _ahin |
||
| 082 | _aX:8:(P111):4k, 152M2 | ||
| 100 |
_aतिवारी, भोला नाथ; भाटिया, कैलाश चन्द्र _9164265 |
||
| 245 | 0 | _aअखिल भारतीय प्रशासनिक कोश | |
| 246 | _aAkhil bhāratīya prashāsanik kosha | ||
| 260 |
_aदिल्ली _b प्रभात प्रकाशन _c1982 |
||
| 300 |
_a439 पृ. _ccm. |
||
| 650 |
_a प्रशासनिक कोश _9160337 |
||
| 650 | _a भारतीय अर्थव्यवस्था | ||
| 650 | _aअर्थशास्त्र | ||
| 942 |
_hX:8:(P111):4k, 152M2 _cTEXL _2CC |
||
| 999 |
_c340141 _d340141 |
||